ČESKOSLOVENSKÁ PARASITOLOGIE

Bibliographic Details
Main Author: Dyk, Václav, 1912-1995 (Author)
Format: Article
Language:Czech

MARC

LEADER 00000nab a2200000uu 4500
001 vtls011439348
003 SK-MaSNL
005 20260303123137.0
008 230213|1956 xo |||||||||||||||||cze|
015 |a SNBRB 
035 |a (urnnbn)urn:nbn:sk:snk:ar-002wc3 
035 |a (uuid)7442e265-cce5-469c-b36c-024fc7d65a49 
035 |a urn:nbn:sk:snk-abce2j 
040 |a SNKBUCL  |b slo  |c SNKBUCL  |e AACR2 
041 0 |a cze 
044 |a xo  |c SK 
100 1 |a Dyk, Václav,  |d 1912-1995  |4 aut  |9 37709 
245 1 0 |a ČESKOSLOVENSKÁ PARASITOLOGIE  |c V. Dyk 
773 0 |t Biológia : časopis Slovenskej akadémie vied  |g Roč. 11, č. 12 (1956), s. 767-768 
954 |a odborná, vedecká literatúra pôvodná (slovenská)  |2 lita 
958 |a OND 
958 |a EUIPO 
958 |a article16 
999 |c 1923639  |d 1925569